ՀՀ Գիտությունների ազգային ակադեմիայի հիմնարար գիտական գրադարան  =   Fundamental Scientific Library of NAS RA

Стихотворения / (Record no. 468739)

MARC details
000 -LEADER
fixed length control field 00812nam a2200205 a 4500
001 - CONTROL NUMBER
control field 000833747
003 - CONTROL NUMBER IDENTIFIER
control field AM-YeHGA
005 - DATE AND TIME OF LATEST TRANSACTION
control field 20250617161303.0
008 - FIXED-LENGTH DATA ELEMENTS--GENERAL INFORMATION
fixed length control field 110927s1939 ru c r 000 0 rus d
040 ## - CATALOGING SOURCE
Original cataloging agency AM-YeHGA
041 0# - LANGUAGE CODE
Language code of text/sound track or separate title rus
090 ## - LOCALLY ASSIGNED LC-TYPE CALL NUMBER (OCLC); LOCAL CALL NUMBER (RLIN)
-- 471983
100 1# - MAIN ENTRY--PERSONAL NAME
Personal name Фофанов, Константин Михайлович
Dates associated with a name 1830-1862
245 10 - TITLE STATEMENT
Title Стихотворения /
Statement of responsibility, etc. К.М. Фофанов ; Вступ. ст. и ред. текста М. Клемана.
260 ## - PUBLICATION, DISTRIBUTION, ETC.
Place of publication, distribution, etc. Ленинград :
Name of publisher, distributor, etc. Советский писатель,
Date of publication, distribution, etc. 1939.
300 ## - PHYSICAL DESCRIPTION
Extent 286 с., [1] л. :
Other physical details портр.
440 #0 - SERIES STATEMENT/ADDED ENTRY--TITLE
Title Библиотека поэта.
Name of part/section of a work Малая серия
Volume/sequential designation N 9
650 14 - SUBJECT ADDED ENTRY--TOPICAL TERM
Topical term or geographic name entry element Русская литература
General subdivision Поэзия
700 1# - ADDED ENTRY--PERSONAL NAME
Personal name Клеман, М.
Relator term вступ. ст.
Relationship aui
Relator term ред.
Relationship edt
Holdings
Withdrawn status Lost status Source of classification or shelving scheme Damaged status Not for loan Collection Home library Current library Date acquired Total checkouts Full call number Barcode Date last seen Price effective from Koha item type Public note
    Universal Decimal Classification     General Fundamental Scientific Library Fundamental Scientific Library 26/03/2018   РД I/5832 FL0494112 26/03/2018 26/03/2018 Գրքեր / Books 30 Days Loan


ՀՀ ԳԱԱ հիմնարար գիտական գրադարան
ՀՀ,Երևան 0019
Մարշալ Բաղրամյան 24/6
հեռախոս:(374-10) 52-47-50
Հետադարձ կապ

All site content, except where otherwise noted, is licensed under a
Creative Commons License